| 000 | 00498cam a22001337a 4500 | ||
|---|---|---|---|
| 008 | 180718b1983 xxu||||| |||| 00| 0 eng d | ||
| 082 | _aP4x54 K141 | ||
| 100 | _aKapur, Jagdish C. | ||
| 245 |
_aStudy of organisation and management in the Central Board of Secondary Education _cby Jagdish C. Kapur and O.P. Minocha |
||
| 260 |
_aNew Delhi _bIndian Institute of Public Administration _c1983 |
||
| 300 | _a78p. | ||
| 650 | _aSchool management and organization - India - Delhi | ||
| 700 | _aMinocha, O.P. | ||
| 999 |
_c492444 _d492444 |
||